| 000 | 00502nam a22001457a 4500 | ||
|---|---|---|---|
| 082 | _a621.39 | ||
| 100 | _aAwan, Saba | ||
| 245 |
_aMalware detection using static and dynamic features of a portable excutable (PE) file / _cSaba Awan. |
||
| 260 |
_aIslamabad: _bCEME - NUST, _c2016. |
||
| 300 |
_a61p.: ill. ; _c30cm. |
||
| 650 |
_aComputer Engineering - MS Theses. _934671 |
||
| 700 |
_aSup: Dr. Nazar Abbas Saqib. _934786 |
||
| 942 |
_2ddc _cTHE |
||
| 999 |
_c540748 _d540748 |
||